|
|
|
|
| LEADER |
00000naa0a2200000 4500 |
| 001 |
591410 |
| 005 |
20250103191644.0 |
| 035 |
|
|
|a (RuTPU)RU\TPU\tpu\1683
|
| 035 |
|
|
|a TPU00001683
|
| 090 |
|
|
|a 591410
|
| 100 |
|
|
|a 20011210d1929 k||y0rusy50 ca
|
| 101 |
0 |
|
|a rus
|
| 102 |
|
|
|a RU
|
| 200 |
1 |
|
|a Скорость окисления жирных и ароматических углеводородов и углегалоидоводородов уксуснохромовым ангидридом
|f Б. В. Тронов [и др.]
|
| 461 |
|
|
|t Журнал Русского физико-химического общества. Часть химическая
|
| 463 |
|
|
|t Т. 61, вып. 10
|v С. 2390
|d 1929
|
| 610 |
1 |
|
|a химические науки
|
| 610 |
1 |
|
|a труды учёных ТПУ
|
| 701 |
|
1 |
|a Тронов
|b Б. В.
|
| 701 |
|
1 |
|a Попов
|b П. П.
|
| 701 |
|
1 |
|a Колотовкина
|b В. Ф.
|
| 701 |
|
1 |
|a Сталаш
|b П. Х.
|
| 801 |
|
0 |
|a RU
|b 63413507
|c 20011210
|g PSBO
|
| 801 |
|
2 |
|a RU
|b 63413507
|c 20060207
|g PSBO
|
| 942 |
|
|
|c CR
|